| 000 | 00555nam a22001937a 4500 | ||
|---|---|---|---|
| 003 | SISC | ||
| 005 | 20160322153909.0 | ||
| 008 | 140428b xxu||||| |||| 00| 0 eng d | ||
| 020 | _a0673524582 | ||
| 050 |
_aJA 81 _b.M316 1996 |
||
| 100 | _aMacridis, Roy C. | ||
| 245 |
_aContemporary political ideologies : _bmovements and regimes / _cRoy C. Macridis & Mark Hulliung. |
||
| 250 | _a6th ed. | ||
| 260 |
_aNew York : _bHarper Collins, _c1996. |
||
| 300 |
_a335 p. : _bill. ; _c24 cm. |
||
| 500 | _aIncludes Index | ||
| 942 |
_2lcc _cBK |
||
| 999 |
_c115535 _d115535 |
||